000 00589nam a2200217Ia 4500
005 20250508164109.0
008 008 250505s9999 xx 000 0 eng d
020 _a0-7195-8604-6
037 _aReference
040 _aFEDL
_beng
_cFEDL
041 _aeng
_2eng
084 _a574, CLE
_qFEDL
100 _aClegg C. J.
_9777316
245 0 _aAdvanced biology principles and applications
250 _a2nd
260 _aLondon, UK
_bJohn Murray
_c2000
300 _avii,712p.
700 _a Mackean D. G.
_9777317
942 _cREF
_h574, CLE
999 _c1387034
_d1387034